1333 1607 1157 1811 1770 1729 1064 1155 1235 1541 1781 1281 1926 1099 1765 1517 1769 1146 1221 1412 1536 1384 1832 1800 1944 1903 1286 1000 1782 1957 1170 1644 1598 1865 1748 1810 1417 1884 1733 1315 1023 1402 1402 1522 1502 1731 1952 1611 1165 1368 1752 1196 1372 1417 1763 1783 1951 1096 1587 1535 1095 1761 1640 1597 1848 1719 1143 1767 1995 1622 1916 1543 1588 1217 1257 1264 1018 1399 1397 1464 1961 1843 1098 1621 1793 1850 1646 1574 1032 1409 1544 1642 1698 1221 1037 1338 1869 1102 1790 BCNSPRNW ULIB Ver.6.0+V

เปลี่ยนเป็นภาษาไทย

Change to English
 แสดงรายละเอียดบรรณานุกรม
  กลับหน้าหลัก

Brief Record : Get Marc (ISO 2709) : E-mail record : QR code < ปิดหน้าต่าง
LEADER : 00000nam 2200000uu 4500
001    13399120443
003     ULIB
008    120920s2551||||th 000 0 tha d
020    ^a9789744820631
060 04 ^aWB100^bว582ค
245 00 ^aความรู้บูรณาการสำหรับอายุรแพทย์ /^cบรรณาธิการ, วิทยา ศรีดามา
250    ^aพิมพ์ครั้งที่ 1
260    ^aกรุงเทพฯ :^bราชวิทยาลัยอายุรแพทย์แห่งประเทศไทย,^c2551
300    ^a266 หน้า :^bภาพประกอบ ;^c27 ซม.
440  0 ^aโครงการตำราราชวิทยาลัยอายุรแพทย์ ;^vฉบับที่ 1
650  7 ^aอายุรแพทย์^vคู่มือ
700 0  ^aวิทยา ศรีดามา,^eบรรณาธิการ
710 2  ^aราชวิทยาลัยอายุรแพทย์แห่งประเทศไทย
945    ^p0^l0^i15171
995    ^aกัณชพร
999 ^a ใช้งานได้ทุกระบบ
รายการนี้ยังไม่มีแท็ก
คุณยังไม่ได้ล็อกอิน คุณสามารถมีกิจกรรมร่วมกับเว็บไซต์ได้ แต่ต้องล็อกอินก่อน ::
  ล็อกอิน

รายการสื่อสารสนเทศ

ลำดับที่ ประเภท เลขเรียก/บาร์โค้ด สถานที่ สถานะ
- ไม่พบข้อมูล -

BibComment


ยังไม่เคยถูกคอมเมนท์

คอมเมนท์ทรัพยากรรายการนี้
  คอมเมนท์: ความรู้บูรณาการส..


 Copyright 2026. Bcnsprnw @Library